Музыкальные игры: пособие для начальной школы,музыкальных и детских художественных школ

Podrobná bibliografie
Hlavní autor: Меркель-Бутом С.
Další autoři: Шапиро Ф.
Jazyk:ruština
Vydáno: Ленинград, Музгиз, 1937
Témata:
Médium: MixedMaterials Kniha
KOHA link:https://koha.lib.tpu.ru/cgi-bin/koha/opac-detail.pl?biblionumber=327518

MARC

LEADER 00000nam0a2200000 4500
001 327518
005 20231102003952.0
035 |a (RuTPU)RU\TPU\book\353202 
090 |a 327518 
100 |a 20170131d1937 m y0rusy50 ca 
101 0 |a rus 
102 |a RU 
105 |a a j 000zy 
200 1 |a Музыкальные игры  |e пособие для начальной школы,музыкальных и детских художественных школ  |f С. Меркель-Бутом, Ф. Шапиро 
210 |a Ленинград  |c Музгиз  |d 1937 
215 |a 48 с.  |c нот. ил. 
606 1 |a Игры подвижные  |x Развлечения  |2 stltpush  |3 (RuTPU)RU\TPU\subj\39210  |9 59397 
606 1 |a Музыка  |2 stltpush  |3 (RuTPU)RU\TPU\subj\73462  |9 86458 
610 1 |a музыкальные игры 
610 1 |a музыкальные занятия 
610 1 |a музыкальное сопровождение 
610 1 |a учебные пособия 
675 |a 793(07)  |v 4 
675 |a 78(07)  |v 4 
700 1 |a Меркель-Бутом  |b С. 
701 1 |a Шапиро  |b Ф. 
801 1 |a RU  |b 63413507  |c 20170131 
801 2 |a RU  |b 63413507  |c 20201002  |g RCR 
942 |c BK